000 01052nam a22002171i 4500
001 181139
003 ES-MaACL
005 20230909063125.0
008 121024s1910 sp |||| | spa d
100 1 _aBarras de Aragón, Francisco de las,
_d1869-1955
_925859
245 1 0 _aNoticias acerca de Kew Gardens y otros establecimientos botánicos de Europa /
_cpor Francisco de las Barras de Aragón.
260 _a[Madrid :
_bJunta para Ampliación de Estudios e Investigaciones Científicas,
_c1910]
300 _aP. 67-250 ;
_c23 cm.
490 1 _aAnales de la Junta para Ampliación de Estudios e Investigaciones Científicas ;
_vt. 2, memoria 3
610 2 4 _aRoyal Botanic Gardens (Kew, Inglaterra)
_9151712
650 4 _aJardines botánicos-
_zEuropa.
_9151711
710 2 _aJunta para la Ampliación de Estudios e Investigaciones Científicas.
_95413
830 0 _aAnales de la Junta para Ampliación de Estudios e Investigaciones Científicas ;
_vt. 2, memoria 3
_9186710
852 _aES-MaACL
_jB-13158(3)
999 _c181139
_d181139